Podaj Prawidłowy Kraj. - Statystyki

Ogólne statystyki
  • Ten quiz został rozwiązany 897 razy
  • Średni wynik to 10 z 19
Statystyki odpowiedzi
Podpowiedź Odpowiedź % Poprawnych
Wygrał MŚ w Piłce Nożnej kiedykolwiek. Argentyna | Brazylia | Anglia | Francja | Niemcy | Włochy | Hiszpania | Urugwaj
95%
Graniczy z Tunezją. Algieria | Libia
89%
Posiada więcej niż 100 milionów ludzi i leży w Afryce. Egipt | Etiopia | Nigeria
77%
Zaczyna się na literę, na którą nie zaczyna się inny kraj. Oman
73%
Państwo które leży w Ameryce, ale nie graniczy z Atlantykiem. Boliwia | Ekwador | Salwador | Paragwaj | Peru
65%
Których regiony znane są jako „obwody” Białoruś | Bułgaria | Kazachstan | Kirgistan | Rosja | Ukraina
64%
Z flagą koloru zielonego która zajmuje przynajmniej obszar ⅔ powierzchni. Bangladesz | Brazylia | Nigeria | Pakistan | Arabia Saudyjska | Turkmenistan | Zambia
62%
Mają większą powierzchnię niż Algieria, ale z mniejszą populacją. Australia | Kanada | Kazachstan
58%
Rekord temperatury wyniósł więcej niż 52°C. (tylko wiarygodne zapisy) Iran | Irak | Kuwejt | Meksyk | Pakistan | Arabia Saudyjska | Stany Zjednoczone
56%
Z terytorium na 5 z 6 zamieszkałych kontynentów Francja
52%
Państwo którego stolica znajduję się ponad 2000 m.n.p.m. Bhutan | Boliwia | Kolumbia | Ekwador | Erytrea | Etiopia | Meksyk | Jemen
44%
Powierzchnię tego kraju pokrywa mniej niż 0,1% lasów (z wyłączeniem mikronacji) Katar | Egipt
43%
Posiada więcej koni niż ludzi. Mongolia
41%
Państwa które mają 80 milionów obywateli, ale nie ma tam McDonald's. Bangladesz | Demokratyczna Republika Kongo | Etiopia | Iran | Nigeria
37%
Państwo które produkuje więcej niż 2,000 ton srebra rocznie. Chiny | Meksyk | Peru
34%
Z ustrojem Monarchistycznym i znajduję się w Afryce. Eswatini | Lesotho | Maroko
33%
Państwa których obywatele mogą odwiedzić mniej niż 50 państw bez wizy. Afganistan | Irak | Libia | Pakistan | Somalia | Sudan | Syria | Jemen
32%
Państwo którego stolica zmieniła się od 1991. Burundi | Kazachstan | Mjanma | Nigeria | Palau | Tanzania
27%
Jest częścią Małych Antyli. Antigua i Barbuda | Barbados | Dominika | Grenada | St. Kitts i Nevis | St. Lucia | St. Vincent i Grenadyny | Trynidad i Tobago
20%
Nie znaleziono quizów pasujących do podanych kryteriów
Rozkład punktacji
Procent ludzi z każdym wynikiem
Percentyl według liczby udzielonych odpowiedzi
Twoja historia wyników
Nie rozwiązałeś tego quizu